Statistics for NCAA Mens Hockey Frozen Four

Click here to take the quiz!

General Stats

  • This quiz has been taken 24 times
  • The average score is 22 of 41

Answer Stats

Answer% Correct
Michigan
100%
Boston College
94%
Minnesota
94%
Boston University
89%
Denver
89%
Michigan State
89%
Maine
83%
North Dakota
83%
Ohio State
78%
Yale
78%
Harvard
72%
Quinnipiac
72%
Wisconsin
72%
Massachusetts
67%
Notre Dame
67%
Cornell
61%
Minnesota-Duluth
61%
New Hampshire
61%
Brown
56%
Minnesota State
50%
Northeastern
50%
St. Cloud State
50%
Colgate
39%
Dartmouth
39%
Massachusetts-Lowell
39%
Nebraska-Omaha
39%
Providence
39%
Vermont
39%
Ferris State
33%
Union
33%
Bemidji State
28%
Clarkson
28%
Lake Superior State
28%
Michigan Tech
28%
Rensselaer
28%
Colorado College
22%
Northern Michigan
22%
RIT
22%
Bowling Green
17%
Miami
17%
St. Lawrence
17%

Score Distribution

Percentile by Number Answered

Percent of People with Each Score

Your Score History

You have not taken this quiz